000 00538nam a2200157 i 4500
001 26901
003 ES-MaACL
005 20230906153524.0
007 t|
008 030113s1898 it ||||1| ita d
100 1 _aAscoli, Alfredo.
_923548
245 1 0 _aTrattato delle donazioni secondo il Diritto civile italiano con riguardo al Diritto romano efalla giurisprudenzia moderna dell'arrocato /
_cAlfredo Ascoli.
260 _aFirenze :
_b[s.n.,
_c1898] (
_fPrato Tip. Giachetti)
300 _a540 p. ;
_c24 cm.
852 _aES-MaACL
_jF-1009
999 _c26901
_d26901